foundations of physical , exercise science, and sport

Saved in:
Bibliografiske detaljer
Hovedforfatter: WALTON-FISETTE, Jennifer L.
Format: Bog
Sprog:engelsk
Udgivet: McGraw Hill Education 2021
Tags: Tilføj Tag
Ingen Tags, Vær først til at tagge denne postø!

MARC

LEADER 00000nam a22000007a 4500
008 231201b |||||||| |||| 00| 0 eng d
020 |a 9781260575590 
100 |a WALTON-FISETTE, Jennifer L. 
245 |a foundations of physical , exercise science, and sport  |c /Jennifer L.Walton, Deborah A. Wuest  |g xii, 452p;ill 
250 |b 12th 
260 |b McGraw Hill Education  |c 2021  |h New York  |i 700130  |i 700131  |i 700132  |l GV341.W14  |m Physical education and training - vocational guidance  |m Physical education and training   |m Sports  |m Sports - vocational guidance 
500 |a it includes index 
942 |a lcc  |c BK  |e Johnson  |f 01/12/23 
952 |0 0  |1 0  |2 lcc  |4 0  |6 GV0341 W14  |7 0  |9 4662  |a SSL  |b HOL  |c GJ  |d 2023-12-01  |l 0  |o GV341.W14  |p 2023-0577  |r 2023-12-01 00:00:00  |t 700130  |w 2023-12-01  |y BK 
952 |0 0  |1 0  |2 lcc  |4 0  |6 GV0341 W14  |7 0  |9 4663  |a HOL  |b HOL  |c GJ  |d 2023-12-01  |l 0  |o GV341.W14  |p 2023-0578  |r 2023-12-01 00:00:00  |t 700132  |w 2023-12-01  |y BK 
952 |0 0  |1 0  |2 lcc  |4 0  |6 GV0341 W14  |7 0  |9 4664  |a ED  |b HOL  |c GJ  |d 2023-12-01  |l 0  |o GV341.W14  |p 2023-0579  |r 2023-12-01 00:00:00  |t 700131  |w 2023-12-01  |y BK 
999 |c 2338  |d 2338